Online
Catalog

Tráfico ilícito de bienes culturales en América Latina y el Caribe. (Record no. 36026)

MARC details
000 -CABECERA
campo de control de longitud fija 00577nam a2200133 a 4500
001 - NÚMERO DE CONTROL
campo de control 000036535
005 - FECHA Y HORA DE LA ÚLTIMA TRANSACCIÓN
campo de control 20200930075803.0
008 - DATOS DE LONGITUD FIJA--INFORMACIÓN GENERAL
campo de control de longitud fija 120119s2003 cu ac 000 0 spa d
040 ## - FUENTE DE LA CATALOGACIÓN
Centro catalogador/agencia de origen DO-SdBNP
Lengua de catalogación spa
Centro/agencia transcriptor BNPHU
082 ## - NÚMERO DE LA CLASIFICACIÓN DECIMAL DEWEY
Número de clasificación xxxx
Número de documento/Ítem T764
245 00 - MENCIÓN DE TÍTULO
Título Tráfico ilícito de bienes culturales en América Latina y el Caribe.
260 ## - PUBLICACIÓN, DISTRIBUCIÓN, ETC.
Lugar de publicación, distribución, etc. La Habana, Cuba :
Nombre del editor, distribuidor, etc. UNESCO :
-- Oficina Regional de Cultura para América Latina y el Caribe, representación ante Cuba, Aruba y República Dominicana, Oficina Cabeza del Grupo de Países del Caribe,
Fecha de publicación, distribución, etc. 2003.
300 ## - DESCRIPCIÓN FÍSICA
Extensión 83 p. :
Otras características físicas ils., retr. ;
Dimensiones 31 cm.
Holdings
Estado de retiro Estado de pérdida Restricciones de uso No para préstamo Código de colección Localización permanente Ubicación/localización actual Ubicación en estantería Fecha de adquisición Número de inventario Total de préstamos Signatura topográfica completa Código de barras Fecha visto por última vez Precio válido a partir de Tipo de ítem Koha
        Monografías: Libros y Folletos General General Orden iniciada 19.01.2012 LF1   xxxx T764 36535-10 25.06.2020 25.06.2020 No se presta

Powered by Koha